000 00409nam a2200181Ia 4500
003 GCL
008 140319s9999 xx 000 0 eng d
040 _aGCL /
_cGCL
082 0 4 _a759
_bP R
100 1 _aPONENTE, NELLO
245 1 0 _aRAPHAEL /
_cPONENTE, NELLO
260 _a[S.N] :
_bSKIRA ،
_c1990
300 _a118 P
650 0 4 _aARTS
650 0 4 _aPAINTING
650 0 4 _aRAPHAEL
942 _2ddc
_cBK
999 _c20911
_d20911